000 00680nam a2200229 a 4500
001 75796
003 BD-RjUL
005 20211209082740.0
008 08-07-s1972 nyua b 001 0 eng
035 _a(BD-RjUL)76015
040 _aDLC
_cDLC
_dSER
_dBD-RjUL
_beng
041 _aeng
082 _223
_a158.7
_bSMP 1972
100 1 _aSmith, Henry Clay,
_d1913-2005
_9183685
245 1 0 _aPsychology of industrial behavior /
_cHenry Clay Smith, John H. Wakeley.
250 _a 3rd ed
260 _aNew York :
_bMcGraw-Hill,
_cc1972
300 _axvi, 397 p. :
_bill. ;
_c24 cm.
650 0 _aPsychology, Industrial
_9176486
700 _aWakeley, John H.
_9232261
942 _2ddc
_cBK
999 _c75796
_d75796